000
00271nam a2200121Ia 4500
008
191201s2013 xx 000 0 und d
100
_a
GILL,P S
245
0
_a
Machine Drawing
250
_a
Rep
260
_c
2013
_b
SK kataria
_a
NEW DELHI
300
_a
709
942
_2
ddc
_c
BK
999
_c
8094
_d
8094